CREPS de France - Statistiques

Statistiques générales
  • Ce quiz a été pris 6 fois
  • Le résultat moyen est 7 sur 23
Statistiques - réponses
Villes % Correct
Bordeaux
67%
Montpellier
67%
Saint-Denis
67%
Toulouse
67%
Bourges
50%
Dijon
50%
Nancy
50%
Vallon-Pont-d'Arc
50%
Aix-en Provence
33%
Châtenay-Malabry
33%
Poitiers
33%
Reims
33%
Strasbourg
33%
Talence
33%
Bellerive-sur-Allier
0%
Essey-les-Nancy
0%
La-Chapelle-sur-Erdre
0%
Les Abymes
0%
Pointe-à-Pitre
0%
Vallon-Pont-d'Arc
0%
Vichy
0%
Vouneuil-sur-Biard
0%
Wattignies
0%
Aucun quiz correspondant
Distribution des résultats
% des personnes avec chaque résultat
Percentile par nombre de réponses
Votre historique - résultats
Vous n’avez pas pris ce quiz